LEADER 01541nam 2200445 450 001 9910671179403321 005 20191210103442.0 010 $a84-1324-169-3 035 $a(CKB)4100000008527033 035 $a(MiAaPQ)EBC5885115 035 $a(OCoLC)1134696129 035 $a(FINmELB)ELB118415 035 $a(EXLCZ)994100000008527033 100 $a20191210d2019 uy 0 101 0 $aspa 135 $aurcnu|||||||| 181 $ctxt$2rdamedia/spa 182 $cc$2rdamedia/spa 183 $2rdacarrier/spa 200 00$aArgumentacio?n y debate $eintroduccio?n al formato parlamentario brita?nico y debate juri?dico : manual en Homenaje al Dr. Joaqui?n Cerda? Rui?z-Funes /$fMargarita Bonet Esteva, Francisco Javier Torres Serrano (coordinadores) ; pro?logo de Esther Zapater Duque y David Lorenzo Morillas Ferna?ndez 210 1$aMadrid :$cDykinson,$d2019. 215 $a1 recurso en li?nea (237 pa?ginas) 311 $a84-1324-087-5 320 $aContiene bibliografi?a. 606 $aForensic orations 606 $aOratoria forense 608 $aLibros electronicos. 615 0$aForensic orations. 615 4$aOratoria forense. 676 $a349.73 702 $aTorres Serrano$b Francisco Javier 702 $aBonet Esteva$b Margarita 702 $aZapater Duque$b Esther 702 $aMorillas Ferna?ndez$b David Lorenzo 801 0$bFINmELB 801 1$bFINmELB 906 $aBOOK 912 $a9910671179403321 996 $aArgumentacio?n y debate$93056661 997 $aUNINA LEADER 01850oam 2200289z- 450 001 9910159497903321 005 20230913112557.0 010 $a1-68181-477-3 035 $a(CKB)3710000001019760 035 $a(BIP)056085331 035 $a(Exl-AI)993710000001019760 035 $a(EXLCZ)993710000001019760 100 $a20210505c2016uuuu -u- - 101 0 $aeng 200 10$aAnton's Falcon 210 $cStrategic Book Publishing & Rights Co 215 $a1 online resource (398 p.) $cill 330 8 $aEnter a treasure-filled story. One packed with pirates, ghosts, and spies, and sprinkled liberally with a mysterious mixture of truth and lies. Malcolm Westcott is a British merchant seaman now back on shore, who takes the job of renovating a derelict cottage on the edge of Dartmoor. It is there in a dusty attic that he makes an unexpected discovery. He meets a stranger named Stamford, a beautiful Russian spy, and then encounters a series of strange events that appear to be a warning. Lacking perception, he fails to register their meaning, and it all ends in a frightening conclusion. About the Author: Melvin Douglas Smart was born in Exeter, England. After studying electrical engineering in college, he became a ship's radio officer and spent the next ten years serving in the merchant navy. He has two children from a previous marriage and in more recent years worked mostly within the defence industry. He is now retired and lives in the small village of Suares in Northern Spain. Publisher's website: http: //sbprabooks.com/MelvinDouglasSmart 606 $aSpies$7Generated by AI 606 $aTreasure hunting$7Generated by AI 615 0$aSpies 615 0$aTreasure hunting 700 $aSmart$b Melvin Douglas$01438763 906 $aBOOK 912 $a9910159497903321 996 $aAnton's Falcon$93600426 997 $aUNINA